| 000 | 01182aam a2200325 i 4500 | ||
|---|---|---|---|
| 650 | 7 |
_2 _aIslamismo _96903 |
|
| 999 |
_c46276 _d46276 |
||
| 001 | 768714001 | ||
| 003 | CO-MdFUSB | ||
| 005 | 20220625062550.0 | ||
| 007 | ta | ||
| 008 | 200519t1936 enka|||| |||| 00| 0 eng d | ||
| 020 | _a[No incluye ISBN] | ||
| 040 |
_bspa. _aCO-MdFUSB _cCO-MdFUSB _dCO-MdFUSBC _erda |
||
| 041 | _aeng | ||
| 082 |
_223 _a297.63 _bA553 |
||
| 100 | 1 |
_aAndrae, Tor _eautor |
|
| 245 | 1 | 0 |
_aMohammed : _bthe man and his faith _c/ Tor Andrae ; traducido por Theophil Menzel |
| 264 | 1 |
_aLondres : _bGeorge Allen and Unwin, _c[1936] |
|
| 264 | 4 | _c© 1936 | |
| 300 |
_a196 páginas _c; 20 cm |
||
| 336 |
_atexto _btxt _2rdacontent |
||
| 337 |
_2rdamedia _asin mediación _bn |
||
| 338 |
_2rdacarrier _avolumen _bnc |
||
| 505 | _aArabia Saudita en el momento de Mahoma - Desde la infancia de Mahoma a su llamada profética - El mensaje religioso de Mahoma - La doctrina de Mahoma de la revelación - El conflicto con los Quraish - El gobernante en Medina - La personalidad de Mahoma | ||
| 563 | _aPasta dura | ||
| 700 |
_93809 _aMenzel, Theophil _etraductor |
||
| 942 | _cBK | ||
| 945 | _aJTF-925 | ||